00490nam a2200181 a 4500008004100000020001500041050001500056100003200071245003800103246003300141250001200174260003300186300002200219350000900241650001400250650002700264700001700291120416s1972 ||||||||||||||||| || u a071313254x aTJ 170 Han aStephens, Richmond Courtney10aMechanics of machines. (2nd ed. ) aadvanced theory and examples a2nd ed. aLondon,bEdward Arnoldc1972 aviii, 456 p. ill. a0.00 aMACHINERY aMECHANICAL ENGINEERING aHannah, John